000 00699nam a2200277Ia 4500
005 20260324134537.0
008 008 260324s9999 xx 000 0 eng d
020 _a9781315204512
037 _aEBOOK
040 _aCRL
040 _beng
040 _cCRL
041 _2eng
041 _aeng
084 _qCRL
100 _aAlastair Mitchell
_91197221
245 2 _aA Chronicle of First Broadcast Performances of Musical Works in the United Kingdom, 1923-1996
260 _bTaylor and Francis
260 _c2001
365 _a
365 _b240
856 _uhttp://www.taylorfrancis.com/books/9781315204512
942 _cEBOOK
999 _c1797427
_d1797427